00497nam a2200145 a 450000100100000000500170001000800410002704000250006808200210009310000430011424500720015726000450022930000250027460000520029900002098120240409073639.0100825t1958 xxu r 000 0bspa d aDO-SdBNPbspacBNPHU a923.17293bT866O1 aOrnes Coiscou, Germán E.,d1919-199810aTrujillo :blittle Cesar of the Caribbean /cGermán Emilio Ornes. aNew York :bThomas Nelson & Sons,c1958. aix, 338 p. ;c23 cm.10aTrujillo Molina, Rafael Leónidas,d 1891-1961